000 00462nam a22001817a 4500
003 MPLRDC
005 20220104175951.0
008 210129b ||||| |||| 00| 0 eng d
020 _a967-84-0519-9
082 _a859.6 YUS v.1
100 _aKAMISAN BTE YUSOF
245 _aSERIGALA YANG LAPAR
_c
260 _a
_bPENERBITAN GRAMEDIA S/B
_c1992
300 _b
490 _aDONGENG KANAK-KANAK
650 _aSASTERA KANAK-KANAK
942 _cBK
_o859.6 YUS v.1
999 _c60673
_d60663